Statistics for Numbers

Click here to take the quiz!

General Stats

  • This quiz has been taken 19 times
  • The average score is 14 of 15

Answer Stats

Hint Answer % Correct
a number1
100%
a number2
100%
a number3
93%
a number4
93%
a number5
93%
a number6
93%
a number7
93%
a number8
93%
a number9
93%
a number11
93%
a number12
93%
a number10
86%
a number13
86%
a number14
86%
a number15
86%

Score Distribution

Percentile by Number Answered

Percent of People with Each Score

Your Score History

You have not taken this quiz